| 000 | 01609nam a22004337a 4500 | ||
|---|---|---|---|
| 003 | CHAP | ||
| 005 | 20220329142311.0 | ||
| 008 | 000524d1999 us a r 00110 eng d | ||
| 010 | _a81273 | ||
| 011 | _a82245 | ||
| 020 | _a0471320714 | ||
| 035 | _a92734 | ||
| 040 | _cCHAP | ||
| 082 | 0 | 4 |
_a631.411 _bS84 1999 |
| 100 | 0 | 0 |
_aStevenson, Frank J. _9109739 |
| 245 | 1 | 0 |
_aCycles of soil : _bcarbon, nitrogen, phosphorus, sulfur, micronutrients _c/ by F.J. Stevenson and M. A. Cole. |
| 250 | _a2 ed. | ||
| 260 |
_aNew York : _bJohn Wiley & Sons, _c1999. |
||
| 300 |
_a427 p. : _bilus. |
||
| 590 |
_aBATCH-UPD _b10 _c20130110 _lUCH01 _h0042 |
||
| 590 |
_aBATCH-UPD _b10 _c20130110 _lUCH01 _h0743 |
||
| 590 |
_aBATCH-UPD _b10 _c20130409 _lUCH01 _h2027 |
||
| 590 |
_aBATCH-UPD _b10 _c20130410 _lUCH01 _h0425 |
||
| 590 |
_aBATCH-UPD _b10 _c20130914 _lUCH01 _h2034 |
||
| 590 |
_aCONVERSION _b10 _c20130109 _lUCH01 _h1345 |
||
| 650 | 1 | 4 |
_aSuelos _xAzufre en. _9110213 |
| 650 | 1 | 4 |
_aSuelos _xCarbón en. _9110233 |
| 650 | 1 | 4 |
_aSuelos _xEcología. _9110343 |
| 650 | 1 | 4 |
_aSuelos _xElementos minerales. _9110356 |
| 650 | 1 | 4 |
_aSuelos _xFósforo en. _9110376 |
| 650 | 1 | 4 |
_aSuelos _xNitrógeno en. _9110451 |
| 650 | 1 | 4 |
_aSuelos _xQuímica de. _9110470 |
| 901 | _aBK | ||
| 905 | _aPatricia Mendoza P. | ||
| 942 | _cLIBRO | ||
| 949 |
_a631.411 S84 1999 _bBC _cLIBRO _d33724000779732 _eLIBRO _gI.203437 _h97546 _i92734 _si _t$1,270.00 |
||
| 949 |
_a631.411 S84 1999 _bBC _cLIBRO _d33724000811048 _eLIBRO _fc.3 _gI.208907 _h99215 _i92734 _si _t$912.00 |
||
| 949 |
_a631.411 S84 1999 _bBC _cLIBRO _d33724000811469 _eLIBRO _fc.2 _gI.208961 _h99087 _i92734 _si _t$ |
||
| 999 |
_c81273 _d81273 |
||